Statistics for General Knowledge 6

Click here to take the quiz!

General Stats

  • This quiz has been taken 59 times
    (42 since last reset)
  • The average score is 6 of 15

Answer Stats

HintAnswer% Correct
What is the capital of Australia?Canberra
92%
In what film is the quote “Life is like a box of chocolates. You never know what you’re going to get.” first used?Forrest Gump
84%
What is the name of the mountain range that seperates France and Spain?Pyrenees
76%
Which company is known for making jewelled eggs?Faberge
62%
Who wrote the Odyssey?Homer
62%
Vantage, Vanquish and DB11 are all models made by what car manufacturer?Aston martin
51%
In the hallmark EPNS what metal does the N refer to?Nickel
51%
Who was Henry VIII's last wife?Katherine Parr
46%
Who played Ronald Weasley in the Harry Potter films?Rupert Grint
38%
What is the NHL equivalent of the superbowl?Stanley cup
35%
What cocktail is made from vodka, tequila, white rum, triple sec, gin, and coke?Long Island Ice Tea
19%
Who wrote the soundtrack to Avatar?James Horner
8%
Which element has the highest melting point?Tungsten
8%
Which superheroes alter ego is Billy Batson?Shazam
5%
After the moon what can be the brightest object in the night sky?International Space Station
3%

Score Distribution

Percentile by Number Answered

Percent of People with Each Score

Your Score History

You have not taken this quiz since the last reset